Statistics for US States by Less Populous Borders in 1 Minute

Click here to take the quiz!

General Stats

  • This quiz has been taken 53 times
  • The average score is 42 of 50

Answer Stats

State % Correct
Tennessee
100%
Oregon
100%
Missouri
100%
California
98%
Colorado
98%
Utah
98%
Texas
98%
Illinois
98%
Nevada
95%
Ohio
95%
Montana
95%
Idaho
95%
Virginia
95%
Arizona
95%
Georgia
93%
Oklahoma
93%
Nebraska
93%
Alabama
91%
Florida
91%
Louisiana
91%
Washington
88%
South Dakota
88%
Minnesota
86%
New Hampshire
86%
Iowa
84%
North Carolina
84%
Massachusetts
84%
Wisconsin
84%
Pennsylvania
84%
Arkansas
81%
Indiana
81%
Maine
81%
New York
81%
Michigan
81%
Wyoming
81%
Kentucky
79%
Kansas
79%
Connecticut
77%
Mississippi
77%
New Mexico
74%
Maryland
72%
South Carolina
70%
Alaska
70%
Rhode Island
67%
North Dakota
67%
Hawaii
65%
New Jersey
56%
Vermont
56%
West Virginia
56%
Delaware
49%

Score Distribution

Percentile by Number Answered

Percent of People with Each Score

Your Score History

You have not taken this quiz